000 00347nam a2200145Ia 4500
008 230917s9999||||xx |||||||||||||| ||und||
040 _e46506
_aMAIN
041 _aEnglish
082 _a821.8 Y34H:Y
100 _aHarper, George Mills
245 0 _aYeats golden dawn
260 _aLondon
_bMacmillan
_c1974
300 _ax, 332 p.
942 _cBK
999 _c198691
_d198691